Statistiche per Indovina gli Stati degli USA Mentre Vengono Disegnati

Clicka qui per fare il quiz!

Statistiche generali

  • Questo quiz è stato fatto 2.569 volte
  • Il punteggio medio è 4 su 10

Risposte nella Mappa

Le risposte nella mappa del quiz sottostante sono codificate secondo una scala di colori dal rosso al verde in base alla % di persone che hanno risposto correttamente.
 

Statistiche sulle risposte

% Corretto
Hawaii
59%
Texas
58%
Florida
55%
Nevada
55%
New Jersey
52%
Montana
51%
Tennessee
51%
Kentucky
50%
Indiana
47%
Utah
47%
Alabama
46%
California
46%
Illinois
46%
Maryland
45%
Ohio
45%
Michigan
44%
Mississippi
44%
New York
44%
Oklahoma
44%
Alaska
43%
Louisiana
43%
Wyoming
43%
Delaware
42%
Oregon
42%
Washington
42%
Minnesota
41%
New Hampshire
41%
Wisconsin
41%
Arizona
40%
Iowa
39%
Maine
39%
Colorado
38%
Massachusetts
38%
Virginia
37%
Connecticut
35%
Idaho
35%
Georgia
34%
Vermont
34%
Nebraska
33%
Kansas
32%
Pennsylvania
32%
Rhode Island
29%
Carolina del Nord
26%
Missouri
26%
Arkansas
25%
Carolina del Sud
15%
Nuovo Messico
12%
Dakota del Sud
11%
Virginia Occidentale
10%
Dakota del Nord
9%

Distribuzione punteggi

Percentile per numero di risposta

Percentuale di utenti per punteggio

I tuoi punteggi nel tempo

Non hai fatto questo quiz